Public policy options for better dental health (Record no. 33449)
[ view plain ]
| 000 -LEADER | |
|---|---|
| fixed length control field | 01216nam a2200301Ia 4500 |
| 245 10 - TITLE STATEMENT | |
| Title | Public policy options for better dental health |
| 260 ## - PUBLICATION, DISTRIBUTION, ETC. (IMPRINT) | |
| Place of publication | Washington : |
| Name of publisher | National Academy Press, |
| Year of publication | 1980. |
| 300 ## - PHYSICAL DESCRIPTION | |
| Number of Pages | xvi, 151 p. |
| 490 1# - SERIES STATEMENT | |
| Series statement | IOM publication ; |
| Series statement | Issues in dental health policy |
| 650 #0 - SUBJECT ADDED ENTRY--TOPICAL TERM | |
| Topical Term | Medical policy. |
| Topical Term | Nutrition and dental health. |
| 856 40 - ELECTRONIC LOCATION AND ACCESS | |
| Uniform Resource Identifier | http://site.ebrary.com/lib/rucke/Doc?id=10071770 |
No items available.
